000 00352nam a22001337a 4500
001 9789870433613
003 AR-BeUNQ
005 20220621161545.0
245 _aHistorias de cronopios y de famas
_cJulio Cortázar
_hlibro
250 0 8 _a1a.ed.
260 _aCABA :
_bAguilar,
_c2014
490 _aEdicion especial para el Ministerio de Educación.
942 _cLIB
999 _c264
_d264